000 00366nam a2200145Ia 4500
008 230711s9999||||xx |||||||||||||| ||und||
041 _aENG
082 _a624.177
_bSZ-S
100 _aSzabo,J
245 0 _aStructural design of cable suspended roofs
250 _a1st
260 _c1984
_aNew York
_bJohn Wiley & Sons.Inc
650 _aCivil Engineering
942 _cBK
999 _c1078
_d1078